Planning sustainable cities : (Record no. 11106)

000 -LEADER
fixed length control field 03517cam a2200457 a 4500
001 - CONTROL NUMBER
control field 15762241
005 - DATE AND TIME OF LATEST TRANSACTION
control field 20221230181220.0
008 - FIXED-LENGTH DATA ELEMENTS--GENERAL INFORMATION
fixed length control field 090604s2009 enka b 001 0 eng
010 ## - LIBRARY OF CONGRESS CONTROL NUMBER
LC control number 2009022390
015 ## - NATIONAL BIBLIOGRAPHY NUMBER
National bibliography number GBA971958
Source bnb
016 7# - NATIONAL BIBLIOGRAPHIC AGENCY CONTROL NUMBER
Record control number 015332134
Source Uk
020 ## - INTERNATIONAL STANDARD BOOK NUMBER
International Standard Book Number 9781844078981 (hbk.)
020 ## - INTERNATIONAL STANDARD BOOK NUMBER
International Standard Book Number 1844078981 (hbk.)
020 ## - INTERNATIONAL STANDARD BOOK NUMBER
International Standard Book Number 9781844078998 (pbk.)
020 ## - INTERNATIONAL STANDARD BOOK NUMBER
International Standard Book Number 184407899X (pbk.)
020 ## - INTERNATIONAL STANDARD BOOK NUMBER
International Standard Book Number 9789211319293 (UNHabitat series)
020 ## - INTERNATIONAL STANDARD BOOK NUMBER
International Standard Book Number 9211319293 (UNHabitat series)
020 ## - INTERNATIONAL STANDARD BOOK NUMBER
International Standard Book Number 9789211321623 (UNHabitat pbk.)
020 ## - INTERNATIONAL STANDARD BOOK NUMBER
International Standard Book Number 921132162X (UNHabitat pbk.)
020 ## - INTERNATIONAL STANDARD BOOK NUMBER
International Standard Book Number 9789211321630 (UNHabitat hbk.)
020 ## - INTERNATIONAL STANDARD BOOK NUMBER
International Standard Book Number 9211321638 (UNHabitat hbk.)
035 ## - SYSTEM CONTROL NUMBER
System control number (OCoLC)ocn320800078
040 ## - CATALOGING SOURCE
Original cataloging agency DLC
Transcribing agency DLC
Modifying agency BTCTA
-- UKM
-- C#P
-- COD
-- DLC
050 00 - LIBRARY OF CONGRESS CALL NUMBER
Classification number HT166
Item number .P5424 2009
082 00 - DEWEY DECIMAL CLASSIFICATION NUMBER
Classification number 307.1/2
Edition number 22
245 00 - TITLE STATEMENT
Title Planning sustainable cities :
Remainder of title global report on human settlements 2009 /
Statement of responsibility, etc. United Nations Human Settlements Programme.
246 30 - VARYING FORM OF TITLE
Title proper/short title Global report on human settlements 2009
260 ## - PUBLICATION, DISTRIBUTION, ETC.
Place of publication, distribution, etc. London ;
-- Sterling, VA :
Name of publisher, distributor, etc. Earthscan,
Date of publication, distribution, etc. 2009.
300 ## - PHYSICAL DESCRIPTION
Extent xxx, 306 p. :
Other physical details ill. ;
Dimensions 31 cm.
520 ## - SUMMARY, ETC.
Summary, etc. This publication reviews recent urban planning practices and approaches, discusses constraints and conflicts therein, and identifies innovative approaches that are more responsive to current challenges of urbanization. It notes that traditional approaches to urban planning (particularly in developing countries) have largely failed to promote equitable, efficient and sustainable human settlements and to address twenty-first century challenges, including rapid urbanization, shrinking cities and aging, climate change and related disasters, urban sprawl and unplanned peri-urbanization, as well as urbanization of poverty and informality. It concludes that new approaches to planning can only be meaningful, and have a greater chance of succeeding, if they effectively address all of these challenges, are participatory and inclusive, as well as linked to contextual socio-political processes.--Publisher's description
505 2# - FORMATTED CONTENTS NOTE
Formatted contents note pt. 1. Challenges and context. Urban challenges and the need to revisit urban planning -- Understanding the diversity of urban contexts -- pt. 2. Global trends : the urban planning process (procedural). The emergence and spread of contemporary urban planning -- The institutional and regulatory framework for planning -- Planning, participation and politics -- pt. 3. Global trends : the content of urban plans (substantive). Bridging the green and brown agendas -- Planning and informality -- Planning, spatial structure of cities and provision of infrastructure -- pt. 4. Global trends : monitoring evaluation and education. The monitoring and evaluation of urban plans -- Planning education -- pt. 4. Future policy directions. Towards a new role for urban planning -- pt. 5. Statistical annex. Technical notes -- Data tables.
500 ## - GENERAL NOTE
General note "UN HABITAT."
504 ## - BIBLIOGRAPHY, ETC. NOTE
Bibliography, etc. note Includes bibliographical references (p. [275]-293) and index.
650 #0 - SUBJECT ADDED ENTRY--TOPICAL TERM
Topical term or geographic name entry element City planning
General subdivision Environmental aspects.
650 #0 - SUBJECT ADDED ENTRY--TOPICAL TERM
Topical term or geographic name entry element Urban ecology (Sociology)
650 #0 - SUBJECT ADDED ENTRY--TOPICAL TERM
Topical term or geographic name entry element Sustainable development.
710 2# - ADDED ENTRY--CORPORATE NAME
Corporate name or jurisdiction name as entry element United Nations Human Settlements Programme.
906 ## - LOCAL DATA ELEMENT F, LDF (RLIN)
a 7
b cbc
c orignew
d 1
e ecip
f 20
g y-gencatlg
925 0# -
-- acquire
-- 2 shelf copies
-- policy default
955 ## - COPY-LEVEL INFORMATION (RLIN)
-- hh09 2009-06-04 to Dewey
-- rd14 2009-06-04
-- xj04 2010-01-11 Z-CipVer
-- xg22 2010-03-10 copy 2 added
Holdings
Withdrawn status Lost status Source of classification or shelving scheme Damaged status Not for loan Permanent Location Current Location Date acquired Source of acquisition Cost, normal purchase price Total Checkouts Barcode Date last seen Date last checked out Cost, replacement price Price effective from Koha item type
          BMS College of Architecture, Design and Planning BMS College of Architecture, Design and Planning 2023-03-07 10 3415.58 1 AR-PG589 2023-03-17 2023-01-12 4879.40 2023-03-07 PG Books
Copyright © 2025, The Librarian, Library and Information Centre, BMSCA D&P, Bengaluru. All Rights Reserved
web counter

Powered by Koha